| 000 | 00349nam a22001457a 4500 | ||
|---|---|---|---|
| 003 | SGT | ||
| 020 | _a9780199463756 | ||
| 082 |
_a350.954 _bM16M |
||
| 100 | _aMISRA, JAGANNATH PRASAD | ||
| 245 | _aMADAN MOHAN MALVIYA & THE INDIAN FREEDOM | ||
| 260 |
_bOXFORD UNIVERSITY PRESS _c2016 |
||
| 300 | _a314 | ||
| 650 | _aSOCIAL SCIENCE | ||
| 942 |
_2ddc _cBV |
||
| 999 |
_c27751 _d27751 |
||